Dominant Cities in their Country Quiz Stats

 Plays Quiz not verified by Sporcle

Support Sporcle.
Go Orange.
Score 0/30 Timer 06:00
0 Plays Today
% of urban population Country % Correct
95Singapore
90.5%
81Kuwait
44.5%
53Panama
30.7%
43Japan
28.5%
42United Arab Emirates
26.3%
53Uruguay
22.6%
47Israel
22.6%
55Haiti
19.7%
51Paraguay
19.7%
48Costa Rica
19.7%
42Peru
19%
41El Salvador
18.2%
52Lebanon
17.5%
62Mongolia
16.1%
52Senegal
16.1%
% of urban population Country % Correct
47Greece
16.1%
44Portugal
16.1%
56Armenia
13.9%
50Georgia
13.1%
43Azerbaijan
12.4%
56Togo
11.7%
46Cambodia
10.9%
40Sierra Leone
10.9%
40Somalia
10.9%
45Guinea
9.5%
49Afghanistan
7.3%
57Republic of the Congo
6.6%
56Burkina Faso
6.6%
44Kyrgyzstan
6.6%
42Angola
6.6%

You're not logged in!

Compare scores with friends on all Sporcle quizzes.
OR
Log In

From the Vault

The Quarter Quiz

by rockgolf

Keep your quarters, the quiz only accepts words.
Remove Ads.
Support Sporcle.
Get the best of Sporcle when you Go Orange. This ad-free experience offers more features, more stats, and more fun while also helping to support Sporcle. Thank you for becoming a member.

Show Comments

Extras

Top Quizzes Today


Score Distribution

Your Account Isn't Verified!

In order to create a playlist on Sporcle, you need to verify the email address you used during registration. Go to your Sporcle Settings to finish the process.

Report this User

Report this user for behavior that violates our Community Guidelines.

Details: